000 00719nam a2200229Ia 4500
005 20250508164133.0
008 008 250505s9999 xx 000 0 eng d
020 _a81-7827-106-0
037 _aTextBook
040 _aFEDL
_beng
_cFEDL
041 _aeng
_2eng
084 _a371.00954, YAD
_qFEDL
100 _aYadav Anil K
_9777443
245 0 _aSchool education in India : Position and placement prospects of teachers 1999-2011
260 _aDelhi, India
_bInstitute of Applied Manpower Research
_c2005
300 _axxviii,460p
365 _aINR
_b1250
650 _aSchool Education - India
700 _a Waghmare N J
_9777444
942 _cTB
_h371.00954, YAD
999 _c1387260
_d1387260